Малазанска книга на мъртвите: Сказание 8 (Запис номер 84976)
[ съкратено ]
| 000 -Лидер | |
|---|---|
| Контролно поле с фиксирана дължина | 01491nam a2200337 c 4500 |
| 003 - Код на организацията, давaща контролен номер | |
| Контролно поле | BLK |
| 005 - Дата и час на последна редакция | |
| Контролно поле | 20220307170028.0 |
| 008 - Елементи от данни с фиксирана дължина | |
| fixed length control field | 180408b bul|||||r ||||||| ||bul|| |
| 010 ## - Наследен системен номер | |
| LC control number | KNG00089571000 |
| 020 ## - Международен стандартен номер на книга ISBN | |
| Международен стандартен номер на книга ISBN | 978-954-655-011-8 |
| 040 ## - Източник на каталожния запис | |
| Идентификатор на билиотеката - собственик на записа | BLK |
| 041 ## - Код за език | |
| Код за езика на текст/звукозапис или на отделно заглавие | Български |
| Код за езика КДБФ | Български |
| 080 ## - УДК | |
| Текстов определител УДК | Англоканадска литература |
| УДК код - определител по УДК | 821.111(71) |
| УДК определител | -312.9 |
| УДК - код + определител | 821.111(71)-312.9 |
| 100 1# - Редна дума - Автор | |
| Автор | Ериксън, Стивън |
| Авторска отговорност | първи автор |
| R(LIN) | 266611 |
| 139 ## - Редно поле | |
| Редна дума | Ериксън, Стивън |
| Авторски знак | Ери - Е 77 |
| 245 10 - Сведения за заглавието | |
| Заглавие | Малазанска книга на мъртвите: Сказание 8 |
| Подзаглавни данни | Сказание 1 - |
| Редно поле (дума) | Стивън Ериксън; прев. Валерий Русинов. |
| Том | Сказание 8 |
| Заглавие на том | Дан на хрътките |
| 257 ## - Страна на издаване | |
| Страна на създаване/издаване | Канада |
| 260 ## - Област на издателските данни | |
| Година на издаване | 2004 - |
| 300 ## - Физическа характеристика | |
| Размери/Мащаб | 21 см |
| 380 ## - Жанр | |
| Жанр | Худож. лит. |
| 500 ## - Общи забележки | |
| Забележка | Ориг. загл. A Tale of the Malazan Book of the Fallen / Steven Erikson. - Офс. изд. |
| 653 ## - Ключова дума – ненормативна | |
| Ключова дума | фантастика |
| 653 ## - Ключова дума – ненормативна | |
| Ключова дума | романи |
| 700 1# - Други автори (авторска отговорност) | |
| Лично име | Русинов, Валерий |
| Автороска отговорност (Описва отношението между автора и произведението) | прев. |
| 9 (RLIN) | 365206 |
| 760 1# - Описание на основната серия | |
| Редна дума на основното описание | Ериксън, Стивън |
| Място на издаване, издател и година | Бард, 2009 |
| Страници - том | 1040 с. : с к. |
| Забележка - том | Ориг. загл. Toll the Hounds / Steven Erikson. |
| Заглавие | Сказание 8 Дан на хрътките |
| 852 ## - Местоположение | |
| Форматна сигнатура | Цб 222046 |
| 856 4# - Електронен адрес и достъп | |
| Електронен формат | pdf - файл |
| 856 4# - Електронен адрес и достъп | |
| Електронен формат | pdf - файл |
| 999 ## - СИСТЕМНИ КОНТРОЛНИ НОМЕРА | |
| Koha biblionumber | 84976 |
| Koha biblioitemnumber | 84976 |
| 942 ## - АРТИКУЛИ | |
| Вид на библиотечния материал | Книги |
| Скрит в OPAC | Не |
| Koha issues (borrowed), all copies | 2 |
| 944 ## - СЪЗДАВАНЕ И РЕДАКЦИЯ на ЗАПИСА | |
| Създаване/Редакция | Създаване |
| Дата на регистрацията/редакция | 21.05.2009 |
| Статус, дата на статуса | ф / |
| Служител, извършил регистрацията/редакцията | Милена_Ачева |
| 944 ## - СЪЗДАВАНЕ И РЕДАКЦИЯ на ЗАПИСА | |
| Създаване/Редакция | Редакция |
| Дата на регистрацията/редакция | 14.03.2017 |
| Статус, дата на статуса | ф / |
| Служител, извършил регистрацията/редакцията | Виолета_Тройчева |
| 999 ## - СИСТЕМНИ КОНТРОЛНИ НОМЕРА | |
| Koha biblioitemnumber | 84976 |
| Код за отписване | Код за изгубен артикул | Източник на класификационната схема | Код за повреда | Коз за рестрикции | Код за отдаване | Артикулен № | Име на библиотеката - собственик | Име на библиотеката, в която се намира в момента | Статус (Текущо местоположение) | Дата на вписване в системата | Местоположение - отдел | Цена в лева | Инвентарен номер | Систематично азбучна сигнатура | Баркод | Номер на екземпляра | Цена в евро | Служебна бележка | Служебен тип на артикула |
|---|---|---|---|---|---|---|---|---|---|---|---|---|---|---|---|---|---|---|---|
| Не е изгубен | Universal Decimal Classification | Не е повреден | без рестрикции | заемане за дома | 137860 | Регионална библиотека "Любен Каравелов" Русе | Регионална библиотека "Любен Каравелов" Русе | Заемна - подръчен фонд | 2009-05-21 | Заемна - подръчен фонд | 19.99 | 120000735726 | П 820(71)-31/Е 77 | 120000735726 | 1 | 10.22 | Дост: Pk Вид: Ф N: 41 Дата: 21.05.2009 Дата инв: 14.03.2018 Бележки инв: П2018 | Книги | |
| Не е изгубен | Не е повреден | без рестрикции | ползва се в читалня | 137861 | Регионална библиотека "Любен Каравелов" Русе | Регионална библиотека "Любен Каравелов" Русе | Хранилище | 2011-07-07 | Хранилище | 19.99 | 120000751741 | Цб 222046 | 120000751741 | 2 | 10.22 | Дост: Dp Вид: Д N: 4 Дата: 24.01.2011 | Книги |